<?xml version="1.0" encoding="UTF-8"?>
<record
    xmlns:xsi="http://www.w3.org/2001/XMLSchema-instance"
    xsi:schemaLocation="http://www.loc.gov/MARC21/slim http://www.loc.gov/standards/marcxml/schema/MARC21slim.xsd"
    xmlns="http://www.loc.gov/MARC21/slim">

  <leader>00726cam a2200193 a 4500</leader>
  <controlfield tag="001">2090879</controlfield>
  <controlfield tag="005">20250206211240.0</controlfield>
  <controlfield tag="008">950227s1995    mau      b    000 0 eng d</controlfield>
  <datafield tag="020" ind1=" " ind2=" ">
    <subfield code="a">0316081299</subfield>
  </datafield>
  <datafield tag="050" ind1="0" ind2="0">
    <subfield code="a">KF801.A7</subfield>
    <subfield code="b">P42 1995</subfield>
  </datafield>
  <datafield tag="245" ind1="0" ind2="0">
    <subfield code="a">Perspectives on contract law /</subfield>
    <subfield code="c">[edited by] Randy E. Barnett.</subfield>
  </datafield>
  <datafield tag="260" ind1=" " ind2=" ">
    <subfield code="a">Boston :</subfield>
    <subfield code="b">Little, Brown,</subfield>
    <subfield code="c">c1995.</subfield>
  </datafield>
  <datafield tag="300" ind1=" " ind2=" ">
    <subfield code="a">xxii, 381 p. ;</subfield>
    <subfield code="c">23 cm.</subfield>
  </datafield>
  <datafield tag="440" ind1=" " ind2="0">
    <subfield code="a">Perspectives on law series</subfield>
  </datafield>
  <datafield tag="500" ind1=" " ind2=" ">
    <subfield code="a">Accompanied by Teacher's manual (c1995), which also covers Contracts : cases and doctrine; and Teacher's manual (c1999), which also covers Contracts : cases and doctrine (2nd ed.).</subfield>
  </datafield>
  <datafield tag="650" ind1=" " ind2="0">
    <subfield code="a">Contracts</subfield>
    <subfield code="z">United States.</subfield>
  </datafield>
  <datafield tag="700" ind1="1" ind2=" ">
    <subfield code="a">Barnett, Randy E.</subfield>
  </datafield>
  <datafield tag="942" ind1=" " ind2=" ">
    <subfield code="2">lcc</subfield>
    <subfield code="c">BK</subfield>
    <subfield code="n">0</subfield>
  </datafield>
  <datafield tag="999" ind1=" " ind2=" ">
    <subfield code="c">3534</subfield>
    <subfield code="d">3534</subfield>
  </datafield>
  <datafield tag="952" ind1=" " ind2=" ">
    <subfield code="0">0</subfield>
    <subfield code="1">0</subfield>
    <subfield code="2">lcc</subfield>
    <subfield code="4">0</subfield>
    <subfield code="7">0</subfield>
    <subfield code="8">NFIC</subfield>
    <subfield code="a">CTLL</subfield>
    <subfield code="b">CTLL</subfield>
    <subfield code="c">GEN</subfield>
    <subfield code="d">2025-02-06</subfield>
    <subfield code="l">0</subfield>
    <subfield code="o">KF801.A7P42 BAR</subfield>
    <subfield code="p">LLCT00000409</subfield>
    <subfield code="r">2025-02-06 21:16:03</subfield>
    <subfield code="t">1</subfield>
    <subfield code="w">2025-02-06</subfield>
    <subfield code="y">BK</subfield>
  </datafield>
</record>
